Normal view MARC view

Entry Personal Name

Number of records used in: 1

001 - CONTROL NUMBER

  • control field: 164079

003 - CONTROL NUMBER IDENTIFIER

  • control field: OSt

005 - DATE AND TIME OF LATEST TRANSACTION

  • control field: 20220923220257.0

008 - FIXED-LENGTH DATA ELEMENTS

  • fixed length control field: 220923|| aca||aabn | a|a d

040 ## - CATALOGING SOURCE

  • Original cataloging agency: OSt
  • Transcribing agency: OSt

100 ## - HEADING--PERSONAL NAME

  • Personal name: त्रिपाठी, राम नगीना; मालवीय, ओप्रकाश

670 ## - SOURCE DATA FOUND

  • Source citation: Work cat.: (OSt)338880: त्रिपाठी, राम नगीना; मालवीय, ओप्रकाश, विश्व सभ्यता का संक्षिप्त इतिहास, 1955
Copyright @ Delhi University Library System